|
|
|
|
| LEADER |
01768cas a2200241 a 4500 |
| 001 |
AALejournalIMF022070 |
| 008 |
230101c9999 xx r poo 0 0eng d |
| 020 |
|
|
|c 5.00 USD
|
| 020 |
|
|
|z 9781484372289
|
| 022 |
|
|
|a 1018-5941
|
| 040 |
|
|
|a BD-DhAAL
|c BD-DhAAL
|
| 100 |
1 |
|
|a Khan, Ashraf.
|
| 245 |
1 |
2 |
|a A Behavioral Approach to Financial Supervision, Regulation, and Central Banking /
|c Ashraf Khan.
|
| 264 |
|
1 |
|a Washington, D.C. :
|b International Monetary Fund,
|c 2018.
|
| 300 |
|
|
|a 1 online resource (56 pages)
|
| 490 |
1 |
|
|a IMF Working Papers
|
| 500 |
|
|
|a <strong>Off-Campus Access:</strong> No User ID or Password Required
|
| 500 |
|
|
|a <strong>On-Campus Access:</strong> No User ID or Password Required
|
| 506 |
|
|
|a Electronic access restricted to authorized BRAC University faculty, staff and students
|
| 520 |
3 |
|
|a This paper describes how behavioral elements are relevant to financial supervision, regulation, and central banking. It focuses on (1) behavioral effects of norms (social, legal, and market); (2) behavior of others (internalization, identification, and compliance); and (3) psychological biases. It stresses that financial supervisors, regulators, and central banks have not yet realized the full potential that these behavioral elements hold. To do so, they need to devise a behavioral approach that includes aspects relating to individual and group behavior. The paper provides case examples of experiments with such an approach, including behavioral supervision. Finally, it highlights areas for further research.
|
| 538 |
|
|
|a Mode of access: Internet
|
| 830 |
|
0 |
|a IMF Working Papers; Working Paper ;
|v No. 2018/178
|
| 856 |
4 |
0 |
|z Full text available on IMF
|u http://elibrary.imf.org/view/journals/001/2018/178/001.2018.issue-178-en.xml
|z IMF e-Library
|